| 000 | 00793nam a22001817a 4500 | ||
|---|---|---|---|
| 005 | 20250218171753.0 | ||
| 008 | 240822b ||||| |||| 00| 0 eng d | ||
| 082 | _aDPer 658.8 J826 October-December 2019 v. 116 n. 4-6 | ||
| 100 |
_aCarswell, Kathleen L. _eauthor. _958848 |
||
| 245 |
_aCreativity and romantic passion / _cKathleen L. Carswell, Eli J. Finkel, and Madoka Kumashiro. |
||
| 260 |
_aPhiladelphia ; _bAmerican Psychological Association, _cJune 2019. |
||
| 300 |
_avolume 116, pages 919-941, _billustration. |
||
| 500 | _aJournal of Personality and Social Psychology, v. 116, n. 6, pages 919-941, June 2019. | ||
| 700 |
_aCarswell, Kathleen L. _eauthor. _958848 |
||
| 700 |
_aFinkel, Eli J. _eauthor. _941024 |
||
| 700 |
_aKumashiro, Madoka. _eauthor. _958849 |
||
| 942 |
_2ddc _cPER |
||
| 999 |
_c20827 _d20827 |
||